Statistics for happy tree friends character quiz

Click here to take the quiz!

General Stats

  • This quiz has been taken 973 times
  • The average score is 19 of 22

Answer Stats

HintAnswer% Correct
blue mooselumpy
97%
yellow rabbitcuddles
96%
pink chipmunkgiggles
95%
green bearflippy
94%
purple beavertoothy
94%
brown bear's soncub
93%
red porcupineflaky
93%
orange beaverhandy
93%
brown bearpop
92%
green squirrelnutty
90%
blue skunkpetunia
89%
other green racoonlifty
88%
blue flying squirrelsplendid
88%
orange bear with afrodisco bear
87%
green racoonshifty
87%
purple molethe mole
86%
blue ant-eatersniffles
84%
purple lamblammy
81%
purple deermime
81%
frozen green marmotcro marmot
76%
walking picklemr pickles
74%
blue otterrussell
73%

Score Distribution

Percentile by Number Answered

Percent of People with Each Score

Your Score History

You have not taken this quiz